000 00737nam a2200241 i 4500
001 8371
003 ES-MaACL
005 20250822042348.0
007 t|
008 920612s1988 sp ||||1| spa d
020 _a84-7509-439-2
080 _a159.922.2
100 1 _aLewin, Kurt.
_972028
245 1 3 _aLa Teoría del campo en la ciencia social /
_cKurt Lewin.
250 _a[1ª reimp. en España].
260 _aBarcelona [etc.] :
_bPaidós,
_c1988.
300 _a308 p. ;
_c22 cm.
490 1 _aPsicologías del siglo XX. Serie mayor ;
_v35
650 1 7 _aPsicología social
_2embne
_916573
830 0 0 _aPsicologías del siglo XX
_v35
_9187403
852 _aES-MaACL
_jL-15786
_bR.120170
999 _c8371
_d8371